| 000 | 01283nam0a2200301 4500 | ||
|---|---|---|---|
| 001 | RU\NLR\b_ik\104204 | ||
| 005 | 20250616225150.0 | ||
| 010 |
_a5-94222-021-2 _91000 |
||
| 035 | _a(NLR Aleph) 002178055 | ||
| 090 |
_a2745037 _c2745037 |
||
| 100 | _a20031215d2003 |||y0rusy50 ca | ||
| 101 | 1 | _aeng | |
| 102 | _aRU | ||
| 105 | _aac ||||||||| | ||
| 200 | 1 |
_aFatal red poppies... _eNotes of a doctor, drug a. alcohol abuse expert, about meetings with police, drug dealers, patients, doctors a. politicians on five continents _fJenishbek Nazaraliev _g[Lit. adapt. by Leonid Shinkarev _gTransl. by Katrin Julelson] |
|
| 210 |
_aM. _aSt. Petersburg _cMed. press _d2003 |
||
| 215 |
_a399 с., [16] л. цв. ил., портр. _cпортр. _d24 |
||
| 320 | _aБиблиогр. в примеч.: с. 387-399 | ||
| 541 | 0 |
_aПагубный красный мак _zrus |
|
| 606 | 0 |
_aНаркомания _xЗаболеваемость _91735062 _3RU\NLR\AUTH\66775853 |
|
| 606 | 0 |
_aНаркомания _xТерапия _91735498 _3RU\NLR\AUTH\66776078 |
|
| 686 | 4 | _aР11(0)062.645.1 | |
| 686 | 4 | _aР645.1 | |
| 700 | 1 |
_aNazaraliev _bŽ. B. _f1961- _gŽenišbek Bolsunbekovič _4070 |
|
| 801 | 0 |
_aRU _bNLR _c20031215 _gPSBO |
|
| 942 | _cBOOK | ||
| 980 | _aNB | ||